01028cam a2200265 a 450000100100000000500170001000800410002702000150006804000250008308200170010810000360012524500380016126000290019930000210022849000370024950000820028665000260036865000300039483000430042491000280046791000070049595201200050295201250062299900150074700000465020200929151457.0790912s1976 sp 000 f spa  a8432503274 aDO-SdBNPbspacBNPHU a843.8bV531m1 aVerne, Jules,d1828-190591357410aMistress Branican /cJulio Verne. aMadrid :bDoncel,c1976. a398 p. ;c18 cm.1 aEl libro de bolsillo doncelv113 aLa obra posee el título en inglés, pero su contenido está en español. 4aNovela francesa91075 4aLiteratura francesa91074 0aEl libro de bolsillo doncelv11398628 aCatalogación derivada aWM 001052708MOaGRbGRcHDd2009-07-24iLF1l0o843.8 V531mp4650-10r2020-06-25w2020-06-25y2ZPréstamo interno 001053728MOaGRbGRcHDd2009-07-25iLF1l0o843.8 V531mp4650-20r2020-06-25te.2w2020-06-25y2ZPréstamo interno c4456d4456